Škola bez známkovania

Bibliographic Details
Main Author: Kováčiková, Mira (Author)
Format: Article
Language:Slovak
Subjects:

MARC

LEADER 00000nab a2200000 a 4500
001 vtls000778978
003 SK-MaSNL
005 20260302152540.0
008 180206c2001 xo 0 slo
015 |a SNBRB2002/01-01651 
035 |a CLN000130750 
040 |a SNKBUCL  |b slo  |c SNKBUCL  |e AACR2 
041 0 |a slo 
044 |a xo  |c SK 
080 |a 77.03/.04  |2 UDC-MRF-SK2 
080 |a 379.825:77  |2 UDC-MRF-SK2 
100 1 |a Kováčiková, Mira  |4 aut  |9 9558 
245 1 0 |a Škola bez známkovania  |c Mira Kováčiková 
300 |b Fotogr. 
504 |a Res. angl. na s. 6-7 
610 7 |a Dom fotografie (Poprad, Slovensko)  |x dielne tvorivé  |2 snkbucl  |9 846066 
611 1 7 |a Letná fotoškola Domu fotografie  |n 6.  |d 2001  |c Poprad, Slovensko  |2 snkbucl  |9 846067 
651 7 |a Poprad (Slovensko : okres)  |2 snkbucl  |9 28675 
655 7 |a články z novín a časopisov  |2 snkbucl  |9 267496 
773 0 |x 0231-7303  |t Slovensko  |g Roč. 25, č. 3-4 (2001), s. 30-33 
850 |a Slovenská národná knižnica v Martine 
852 |a SNK  |b KIS3GCP 
958 |a RBX 
999 |c 1362921  |d 1364851